Normal view MARC view
  • Moscovici, Serge,

Entry Nombre Personal

Number of records used in: 8

001 - NUMERO DE CONTROL

  • campo de control: 29529

003 - IDENTIFICADOR DE NUMERO DE CONTROL

  • campo de control: DLC

005 - FECHA Y HORA DE LA ÜLTIMA TRANSACCIÓN

  • campo de control: 20220428115238.0

008 - DATOS DE LONGITUD FIJA

  • campo de control de longitud fija: 220428n| azannaab |a aaa

010 ## - NÚMERO DE CONTROL DE LA BIBLIOTECA DEL CONGRESO

  • Número de control LC: n 50007945

040 ## - FUENTE DE CATALOGACIÓN

  • Agencia original de catalogación: DLC
  • Lenguaje de catalogación: spa
  • Description conventions: rda
  • Agencia de transcripción: DLC
  • Agencia que lo modifica: DLC
  • Agencia que lo modifica: DLC
  • Agencia que lo modifica: MX-MxUPN

046 ## - FECHAS CON CODIFICACIÓN ESPECIAL

  • Fecha de nacimiento: 1925
  • Fecha de muerte: 2014

100 1# - ENCABEZAMIENTO - NOMBRE PERSONAL

  • Nombre personal: Moscovici, Serge,
  • Fechas asociadas con el nombre: 1925-2014

372 ## - CAMPO DE ACTIVIDAD

  • Field of activity: Psicología social

373 ## - GRUPO ASOCIADO

  • Associated group: Escuela de Altos Estudios en Ciencias Sociales (París)

373 ## - GRUPO ASOCIADO

  • Associated group: Laboratorio Europeo de Psicología Social (Paris)

375 ## - GÉNERO

  • Gender: masculino

377 ## - LENGUA ASOCIADA

  • Language code: fre

400 1# - VEÁSE - NOMBRE DE PERSONA

  • Personal name: Moscovici, S.
  • Fuller form of name: (Serge),
  • Dates associated with a name: 1925-2014

670 ## - FUENTE EN LA QUE SE LOCALIZARON DATOS

  • Cita de la fuente: Author's Reconversion industrielle et changements sociaux, 1961.

670 ## - FUENTE EN LA QUE SE LOCALIZARON DATOS

  • Cita de la fuente: Social representations, 1984 (a.e.)
  • Información localizada: CIP portada (S. Moscovici)

670 ## - FUENTE EN LA QUE SE LOCALIZARON DATOS

  • Cita de la fuente: Conflict and consensus, 1994:
  • Información localizada: portada (Serge Moscovici) página 4 de la cubierta (prof. at the Ecole des Hautes Etudes en Sciences Sociales, Paris, and at the new School for Social Research, New York)

670 ## - FUENTE EN LA QUE SE LOCALIZARON DATOS

  • Cita de la fuente: Serge Moscovici ou l'écologie subversive, 2016:
  • Información localizada: cubierta página 4 (Serge Moscovici (1925-2014))

670 ## - FUENTE EN LA QUE SE LOCALIZARON DATOS

  • Cita de la fuente: En la obra: Psicología social, 1986:
  • Información localizada: portada (Serge Moscovici) cubierta (S. Moscovici) cubierta posterior (Serge Moscovici, Director de Estudios en la Escuela de Altos Estudios en Ciencias Sociales (París) y Director del Laboratorio Europeo de Psicología Social (Paris), ha desempeñado un papel de primerísimo plano en el desarrollo de la psicología social europea, contribuyendo con sus numerosas investigaciones y publicaciones a suscitar nuevas perspectivas teóricas en la disciplina)

902 ## - CATALOGADOR

  • Catalogador: NDAF/220428